[Event "Michigan Masters/Experts"]
[Site "Grand Rapids, MI"]
[Date "1999.01.10"]
[Round "4.5"]
[White "Jarosz, Stan"]
[Black "Aldrich, Jeff"]
[Result "0-1"]
[WhiteElo "2028"]
[BlackElo "2015"]
[PlyCount "116"]
[EventDate "1999.01.09"]

1. d4 d5 2. Nf3 Nf6 3. Bf4 Nbd7 4. e3 a6 5. Bd3 e6 6. Nbd2 c5 7. c3 b5 8. a3
Bb7 9. O-O Be7 10. Ne5 c4 11. Bc2 Nxe5 12. Bxe5 O-O 13. Qf3 a5 14. Qh3 h6 15.
f4 Ne4 16. Nxe4 dxe4 17. f5 Bd5 18. f6 gxf6 19. Bf4 Bd6 20. Bxh6 f5 21. Qh5 Re8
22. Bg5 Be7 23. Bxe7 Qxe7 24. Rf4 Qf6 25. Rh4 Kf8 26. Qh8+ Qxh8 27. Rxh8+ Ke7
28. Rxe8+ Rxe8 29. Kf2 f6 30. Rg1 Rg8 31. Bd1 e5 32. dxe5 fxe5 33. g3 b4 34.
Bc2 b3 35. Bd1 Kf6 36. Be2 Rh8 37. h4 f4 38. exf4 exf4 39. gxf4 Rxh4 40. Kg3
Rh7 41. Rd1 Rg7+ 42. Kf2 Be6 43. Rd4 Kf5 44. Bxc4 Bxc4 45. Rxc4 Kxf4 46. Rc8
e3+ 47. Kf1 Rh7 48. Ke2 Rh2+ 49. Kd3 Rd2+ 50. Kc4 Rxb2 51. Rf8+ Ke4 52. Re8+
Kf3 53. Rf8+ Ke2 54. a4 Kd2 55. Rd8+ Kc1 56. Re8 e2 57. Re7 Kd1 58. Rd7+ Rd2
0-1

[Event "Michigan Beginners"]
[Site "Grand Rapids, MI"]
[Date "1999.01.10"]
[Round "4"]
[White "Jackson, Kevin"]
[Black "Hall, Derick"]
[Result "0-1"]
[WhiteElo "1605"]
[BlackElo "1605"]
[PlyCount "112"]
[EventDate "1999.01.09"]

1. e4 c6 2. d4 d5 3. e5 Bf5 4. Bd3 Nh6 5. Bxh6 Bxd3 6. Be3 Bg6 7. Nd2 e6 8. f4
Bb4 9. Ngf3 Be4 10. c3 Bxf3 11. Qxf3 Be7 12. Nf1 Qb6 13. Qe2 c5 14. Ng3 cxd4
15. Bxd4 Bc5 16. Qd2 Nd7 17. Ne2 O-O 18. O-O f6 19. b4 Bxd4+ 20. cxd4 fxe5 21.
Kh1 Nf6 22. dxe5 Ne4 23. Qd4 Qa6 24. Nc3 Nxc3 25. Qxc3 Rac8 26. Qd2 Rc4 27. a3
Re4 28. a4 Qc4 29. b5 Rexf4 30. Rxf4 Rxf4 31. h3 Qe4 32. Rc1 Qxe5 33. Rc8+ Kf7
34. Rc1 Qd4 35. Rc7+ Kf6 36. Qxd4+ Rxd4 37. a5 Ra4 38. Rxb7 Rxa5 39. Rb8 Ke5
40. Kg1 Ke4 41. Rc8 e5 42. Rf8 Rxb5 43. Rf7 d4 44. Rxa7 Ke3 45. Ra3+ d3 46. g4
e4 47. Ra1 Ke2 48. Ra8 e3 49. Ra2+ d2 50. h4 Ke1 51. Kg2 d1=Q 52. Re2+ Qxe2+
53. Kg3 Kf1 54. h5 h6 55. Kh3 Qg2+ 56. Kh4 Qh2# 0-1

[Event "Michigan Class D/E"]
[Site "Grand Rapids, MI"]
[Date "1999.01.10"]
[Round "5"]
[White "Horwood, Rob"]
[Black "Bainbridge, Chris"]
[Result "1-0"]
[WhiteElo "1605"]
[BlackElo "1605"]
[PlyCount "45"]
[EventDate "1999.01.09"]

1. e4 e6 2. d4 d5 3. e5 c5 4. c3 cxd4 5. cxd4 Bb4+ 6. Nc3 Ne7 7. Nf3 O-O 8. Bd3
Nbc6 9. a3 Bxc3+ 10. bxc3 b6 11. Be3 Qc7 12. Qd2 h6 13. Bxh6 g6 14. Bxf8 Kxf8
15. Qh6+ Ke8 16. Qh8+ Kd7 17. Qf6 Ke8 18. Ng5 Na5 19. Qxf7+ Kd7 20. Bb5+ Nac6
21. Qxe6+ Kd8 22. Qf6 Nxd4 23. Qf8# 1-0

[Event "Michigan Beginners"]
[Site "Grand Rapids, MI"]
[Date "1999.01.10"]
[Round "5"]
[White "Hetmanski, Josh"]
[Black "Feller, Brad"]
[Result "0-1"]
[WhiteElo "1605"]
[BlackElo "1605"]
[PlyCount "124"]
[EventDate "1999.01.09"]

1. e4 e5 2. Nf3 d6 3. d3 c5 4. Be2 d5 5. exd5 Qxd5 6. O-O e4 7. Ne1 Bg4 8. Bxg4
c4 9. dxe4 Qxe4 10. b3 Qe5 11. bxc4 Qxa1 12. Bf4 Qxa2 13. Bxb8 Rxb8 14. Nc3 Rd8
15. Qxd8+ Kxd8 16. Nxa2 Nf6 17. Bf3 Bc5 18. Bxb7 Bd6 19. Bd5 Ng4 20. Bxf7 Nxh2
21. c5 Be5 22. Nf3 Nxf1 23. Nxe5 Nd2 24. Nc4 Rf8 25. Nxd2 Rxf7 26. Ne4 Rb7 27.
Nd6 Rb2 28. Nc1 Rxc2 29. Nd3 Rc3 30. Nf7+ Kc7 31. Nde5 Rxc5 32. f4 g6 33. Ng5
h6 34. Ngf7 g5 35. fxg5 hxg5 36. g4 a5 37. Nd3 Rc4 38. Nde5 Rc5 39. Nd3 Rd5 40.
Nde5 a4 41. Nc4 Rd4 42. Nb2 Rxg4+ 43. Kf1 a3 44. Ne5 Rf4+ 45. Ke1 axb2 46. Nd3
b1=Q+ 47. Ke2 Qf1+ 48. Ke3 Qxd3+ 49. Kxd3 Rf8 50. Ke4 Rg8 51. Kf5 g4 52. Kf6 g3
53. Kf7 Rg4 54. Kf6 g2 55. Kf5 g1=Q 56. Kf6 Rf4+ 57. Ke5 Qe3+ 58. Kd5 Rd4+ 59.
Kc5 Kd8 60. Kc6 Qc3+ 61. Kb5 Rb4+ 62. Ka6 Qa1# 0-1

[Event "Michigan Masters/Experts"]
[Site "Grand Rapids, MI"]
[Date "1999.01.10"]
[Round "3.2"]
[White "Hartwig, Thomas"]
[Black "Hankinson, Chris"]
[Result "1/2-1/2"]
[WhiteElo "2040"]
[BlackElo "2082"]
[PlyCount "90"]
[EventDate "1999.01.09"]

1. e4 e5 2. Nf3 f5 3. Nxe5 Nc6 4. Nxc6 dxc6 5. Bd3 Qf6 6. O-O f4 7. Bc4 Nh6 8.
d4 Bg4 9. f3 Bc8 10. e5 Qh4 11. Qe1 Qxe1 12. Rxe1 g5 13. Nd2 Bf5 14. Ne4 Bxe4
15. fxe4 Ng8 16. g3 c5 17. gxf4 gxf4 18. d5 Ne7 19. Bxf4 Ng6 20. Bb5+ Kd8 21.
Bg5+ Be7 22. Bxe7+ Kxe7 23. e6 Ne5 24. Kh1 Raf8 25. Rf1 Ng4 26. Kg1 Ne5 27.
Rxf8 Rxf8 28. Be2 Rf4 29. Rf1 Rxe4 30. Bf3 Rf4 31. Bg2 Rxf1+ 32. Kxf1 c6 33.
dxc6 bxc6 34. Bh3 Nf3 35. Kf2 Nd4 36. c3 Nxe6 37. Bxe6 Kxe6 38. Ke2 c4 39. Ke3
Ke5 40. Kd2 Ke4 41. Ke2 Kf4 42. b3 cxb3 43. axb3 Ke4 44. b4 a6 45. Kd2 c5
1/2-1/2

[Event "Michigan Masters/Experts"]
[Site "Grand Rapids, MI"]
[Date "1999.01.10"]
[Round "4.3"]
[White "Hankinson, Chris"]
[Black "Kitts, Gary"]
[Result "1-0"]
[WhiteElo "2082"]
[BlackElo "2044"]
[PlyCount "63"]
[EventDate "1999.01.09"]

1. Nc3 d5 2. e4 e6 3. d4 Nf6 4. Bg5 Bb4 5. e5 h6 6. Bd2 Bxc3 7. bxc3 Ne4 8. Bd3
Nxd2 9. Qxd2 c5 10. f4 Nc6 11. Nf3 Qa5 12. g4 cxd4 13. cxd4 Qxd2+ 14. Kxd2 Bd7
15. Rab1 b6 16. h4 h5 17. gxh5 Rxh5 18. Rhg1 g6 19. Rxg6 Ke7 20. Rg7 Rh6 21.
Rbg1 Rah8 22. R1g4 Kf8 23. Ng5 Nd8 24. Nh7+ Ke7 25. Ke3 Be8 26. Kf3 Bd7 27. Kg3
Bc8 28. Nf6 Kf8 29. Rg8+ Ke7 30. R8g7 Kf8 31. Bh7 Ke7 32. Ng8+ 1-0

[Event "Michigan Masters/Experts"]
[Site "Grand Rapids, MI"]
[Date "1999.01.10"]
[Round "3.5"]
[White "Ghobrial, Ameer"]
[Black "Jarosz, Stan"]
[Result "1/2-1/2"]
[WhiteElo "2107"]
[BlackElo "2028"]
[PlyCount "166"]
[EventDate "1999.01.09"]

1. c4 e6 2. Nf3 Nf6 3. b3 b6 4. Bb2 Bb7 5. Qc2 Be7 6. Nc3 d5 7. cxd5 exd5 8. e3
O-O 9. Ne2 c5 10. Ng3 Re8 11. Bb5 Nc6 12. O-O a6 13. Bxc6 Bxc6 14. d4 Bb5 15.
Rfc1 c4 16. Ne5 Rc8 17. a4 Bd7 18. bxc4 dxc4 19. Bc3 Nd5 20. Qe2 Nxc3 21. Rxc3
b5 22. axb5 axb5 23. Rb1 Bf6 24. Nxd7 Qxd7 25. Qb2 Rb8 26. Nf1 Rec8 27. Nd2 Qd5
28. Qb4 g6 29. Rbc1 Ra8 30. Qb2 Ra4 31. Rb1 Rb8 32. Kf1 Be7 33. Qc2 Rba8 34.
Qe4 Qxe4 35. Nxe4 f5 36. Nd2 Bb4 37. Rc2 Bxd2 38. Rxd2 c3 39. Rc2 b4 40. Ke2
Ra2 41. Kd3 Rxc2 42. Kxc2 Ra2+ 43. Kc1 Rxf2 44. Rxb4 Rxg2 45. Rb8+ Kg7 46. Rb7+
Kh6 47. h4 Rh2 48. d5 Rxh4 49. d6 Rh2 50. Rb4 Ra2 51. Rd4 Ra8 52. Kc2 Kg7 53.
Kxc3 Kf6 54. Kb4 Ke6 55. Kc5 Kd7 56. Rh4 h5 57. e4 fxe4 58. Rf4 Ra5+ 59. Kd4
Rf5 60. Rxe4 Kxd6 61. Re1 Rf6 62. Ra1 Ke6 63. Ke4 Rf5 64. Ra6+ Kf7 65. Rb6 Kg7
66. Ra6 Kh6 67. Ra1 h4 68. Rh1 Kh5 69. Rh2 Ra5 70. Rb2 h3 71. Kf3 Ra3+ 72. Kf2
g5 73. Rb8 Kh4 74. Rb7 Ra2+ 75. Kg1 g4 76. Rb5 Ra3 77. Kh2 Rf3 78. Rb4 Rf2+ 79.
Kh1 Kg3 80. Rb3+ Rf3 81. Rb1 Re3 82. Rg1+ Kf2 83. Kh2 Re2 1/2-1/2

[Event "Michigan Masters/Experts"]
[Site "Grand Rapids, MI"]
[Date "1999.01.10"]
[Round "4.4"]
[White "Ghobrial, Ameer"]
[Black "Hartwig, Thomas"]
[Result "1/2-1/2"]
[WhiteElo "2107"]
[BlackElo "2040"]
[PlyCount "130"]
[EventDate "1999.01.09"]

1. c4 e5 2. Nc3 Nf6 3. Nf3 Nc6 4. a3 d5 5. d4 exd4 6. Nxd4 Nxd4 7. Qxd4 Be6 8.
cxd5 Nxd5 9. e4 Nxc3 10. Qxc3 f6 11. Bf4 Bd6 12. Rd1 O-O 13. Bc4 Qe7 14. Bxd6
cxd6 15. O-O Rac8 16. Bxe6+ Qxe6 17. Qb4 b6 18. Rxd6 Qc4 19. Qxc4+ Rxc4 20. Rd7
Rf7 21. Rxf7 Kxf7 22. f3 Rc2 23. Rb1 Ke6 24. h3 Kd6 25. Kh2 Kc5 26. Kg3 Kc4 27.
Rd1 Rxb2 28. Rd7 g5 29. Rxa7 h5 30. Rf7 h4+ 31. Kh2 Kb3 32. Rxf6 Kxa3 33. Rf5
b5 34. Rxg5 b4 35. Ra5+ Kb3 36. Rh5 Kc4 37. Rxh4 b3 38. Rh8 Ra2 39. Rb8 Ra5 40.
h4 Rb5 41. Rc8+ Kd3 42. Rc1 b2 43. Rb1 Kc2 44. Rxb2+ Kxb2 45. g4 Kc3 46. Kg3
Kd4 47. g5 Ke5 48. h5 Rb1 49. g6 Rg1+ 50. Kf2 Rg5 51. Ke3 Kf6 52. f4 Rxh5 53.
f5 Ke5 54. Kf3 Rg5 55. Ke3 Rg4 56. Kf3 Rf4+ 57. Kg3 Rf1 58. Kg2 Ra1 59. Kf3 Rb1
60. Kf2 Rb3 61. Ke2 Rg3 62. Kf2 Ra3 63. Ke2 Ra7 64. Kf3 Re7 65. Kg4 Kf6 1/2-1/2

[Event "Michigan Class A"]
[Site "Grand Rapids, MI"]
[Date "1999.01.10"]
[Round "3"]
[White "Garrison, Ray"]
[Black "Townsend, Paul"]
[Result "1-0"]
[WhiteElo "1800"]
[BlackElo "1905"]
[PlyCount "101"]
[EventDate "1999.01.09"]

1. b3 e6 2. Bb2 b6 3. e3 Nf6 4. Nh3 Bb7 5. f3 d5 6. Nf2 Be7 7. c4 O-O 8. cxd5
Nxd5 9. Nc3 Bf6 10. Ng4 Bxc3 11. dxc3 h5 12. Nf2 Nxe3 13. Qe2 Qg5 14. Nh3 Qe5
15. Kf2 Ng4+ 16. fxg4 Qf6+ 17. Kg1 hxg4 18. Qxg4 Qe5 19. Qd4 Qxd4+ 20. cxd4 Nc6
21. Rc1 Rac8 22. Bb5 Nb8 23. Kf2 Rfd8 24. Rhd1 a6 25. Be2 Nd7 26. Bf3 c6 27.
Nf4 Nf6 28. Rc2 Nd5 29. Nxd5 cxd5 30. Rxc8 Rxc8 31. Rc1 Rxc1 32. Bxc1 Kf8 33.
Ba3+ Kg8 34. Ke3 Bc6 35. Kf4 f6 36. h4 Bb5 37. Bd6 Bd3 38. Ke3 Bb1 39. a3 Bc2
40. b4 b5 41. Bh5 g6 42. Be2 Kf7 43. Bd3 Bd1 44. Kd2 Bb3 45. Kc3 Bd1 46. Bc2
Be2 47. a4 Bc4 48. Bd3 Ke8 49. Bxg6+ Kd7 50. Bc5 Be2 51. h5 1-0

[Event "Michigan Class A"]
[Site "Grand Rapids, MI"]
[Date "1999.01.10"]
[Round "5"]
[White "Garrison, Ray"]
[Black "Sellers, Matt"]
[Result "0-1"]
[WhiteElo "1800"]
[BlackElo "1930"]
[PlyCount "60"]
[EventDate "1999.01.09"]

1. e4 c6 2. Nc3 d5 3. Qf3 dxe4 4. Nxe4 Nd7 5. d4 Ndf6 6. c3 Nxe4 7. Qxe4 Nf6 8.
Qc2 Bg4 9. f3 Bh5 10. Nh3 Bg6 11. Bd3 Bxd3 12. Qxd3 e6 13. Bf4 Qb6 14. O-O Be7
15. Bg3 O-O 16. f4 c5 17. dxc5 Bxc5+ 18. Bf2 Rfd8 19. Qe2 Rd5 20. Rad1 Rad8 21.
Rxd5 Rxd5 22. Bxc5 Qxc5+ 23. Qf2 Qa5 24. a3 h6 25. Qc2 Qd8 26. Nf2 Rd2 27. Qc1
Re2 28. Rd1 Qb6 29. Rd4 Qxb2 30. Qxb2 Re1# 0-1

[Event "Michigan Class D/E"]
[Site "Grand Rapids, MI"]
[Date "1999.01.10"]
[Round "4"]
[White "Friday, Matt"]
[Black "Horwood, Rob"]
[Result "1/2-1/2"]
[WhiteElo "1605"]
[BlackElo "1605"]
[PlyCount "38"]
[EventDate "1999.01.09"]

1. e4 e5 2. Nf3 Nc6 3. Bb5 d6 4. d3 Bd7 5. O-O Nf6 6. Bg5 Be7 7. Nc3 Nd4 8.
Bxd7+ Nxd7 9. Bxe7 Qxe7 10. Nxd4 exd4 11. Nd5 Qd8 12. Re1 O-O 13. Qf3 g5 14.
Qg4 c6 15. Nf4 Ne5 16. Qg3 Kh8 17. Nh5 f6 18. f4 Nf7 19. f5 Qe7 1/2-1/2

[Event "Michigan Class D/E"]
[Site "Grand Rapids, MI"]
[Date "1999.01.10"]
[Round "5"]
[White "Friday, Matt"]
[Black "Frelander, Marc"]
[Result "0-1"]
[WhiteElo "1605"]
[BlackElo "1605"]
[PlyCount "60"]
[EventDate "1999.01.09"]

1. e4 e5 2. Nf3 Nc6 3. Bb5 Nf6 4. d3 Be7 5. Be3 O-O 6. O-O a6 7. Bc4 b5 8. Bb3
Bb7 9. Nbd2 d5 10. exd5 Nxd5 11. Bxd5 Qxd5 12. c4 Qxd3 13. cxb5 axb5 14. Re1
Qg6 15. g3 Nb4 16. Re2 Bxf3 17. Kf1 Bxe2+ 18. Qxe2 Nc2 19. Rc1 Nxe3+ 20. Qxe3
Qf6 21. Rxc7 Rac8 22. Ne4 Qe6 23. Rc1 Rxc1+ 24. Qxc1 Qc4+ 25. Qxc4 bxc4 26. Ke1
Rb8 27. Nd2 Rxb2 28. Nxc4 Rxa2 29. Nxe5 Bc5 30. f3 Rxh2 0-1

[Event "Michigan Class D/E"]
[Site "Grand Rapids, MI"]
[Date "1999.01.10"]
[Round "4"]
[White "Frelander, Marc"]
[Black "Sinke, Brian"]
[Result "0-1"]
[WhiteElo "1605"]
[BlackElo "1605"]
[PlyCount "112"]
[EventDate "1999.01.09"]

1. e4 c5 2. Nc3 d6 3. Nf3 Nc6 4. g3 Nf6 5. Bg2 g6 6. O-O Bg7 7. d4 cxd4 8. Nxd4
O-O 9. Nxc6 bxc6 10. Bf4 Rb8 11. Rb1 Nd7 12. Qd2 Nb6 13. Qd3 Be6 14. Rfe1 Nc4
15. b3 Ne5 16. Bxe5 Bxe5 17. Re3 Qa5 18. a4 c5 19. Ne2 c4 20. Qd1 cxb3 21. cxb3
Rb6 22. f4 Bg7 23. Nd4 Qc5 24. Nc2 Bxb3 25. Qc1 Qxc2 26. Qxc2 Bxc2 27. Rbe1 Bd4
28. Kf2 Rb2 29. R1e2 Bxe3+ 30. Kxe3 Rfb8 31. Kf2 Bxa4 32. Rxb2 Rxb2+ 33. Kf3
Bc6 34. Bf1 Rxh2 35. Bd3 a5 36. Kg4 Bd7+ 37. f5 a4 38. Kf4 a3 39. Bb1 a2 40.
Bxa2 Rxa2 41. fxg6 hxg6 42. g4 Ra4 43. g5 Bc6 44. Kg3 Bxe4 45. Kf2 Ra3 46. Ke2
Rg3 47. Kf2 Rxg5 48. Ke3 d5 49. Kf4 Rh5 50. Ke3 Kg7 51. Kf4 Kf6 52. Ke3 Ke5 53.
Kf2 Kf4 54. Ke2 Rh2+ 55. Ke1 Ke3 56. Kd1 Rh1# 0-1

[Event "Michigan Beginners"]
[Site "Grand Rapids, MI"]
[Date "1999.01.10"]
[Round "4"]
[White "Foreman, Steve"]
[Black "Ball, Jason"]
[Result "0-1"]
[WhiteElo "1605"]
[BlackElo "1605"]
[PlyCount "106"]
[EventDate "1999.01.09"]

1. e4 e5 2. Nf3 Nf6 3. Bc4 Bc5 4. Nxe5 O-O 5. d4 Bd6 6. Ng4 Nxe4 7. O-O c5 8.
Nh6+ gxh6 9. Bxh6 Qh4 10. h3 Qxh6 11. Qg4+ Ng5 12. f4 Bxf4 13. Qxf4 d5 14. h4
Nh3+ 15. gxh3 Qxf4 16. Rxf4 dxc4 17. Kh2 cxd4 18. Rxd4 b5 19. Nc3 a6 20. h5 h6
21. Rd6 Kg7 22. Ne4 Re8 23. Rg1+ Kf8 24. Nf6 Re2+ 25. Kg3 Re3+ 26. Kf4 Rxh3 27.
Nh7+ Ke7 28. Rxh6 Nd7 29. Re1+ Kd8 30. Ng5 Rh2 31. Nxf7+ Kc7 32. Rh8 Rf2+ 33.
Kg5 Rxf7 34. Kg6 Rf2 35. h6 Nc5 36. h7 Bf5+ 37. Kg7 Rxh8 38. Kxh8 Rg2 39. Re7+
Nd7 40. Rg7 Rxg7 41. Kxg7 Bxh7 42. Kxh7 Kc6 43. Kg6 Ne5+ 44. Kf5 Nd3 45. b3 Nb4
46. a4 bxa4 47. bxa4 Nxc2 48. Ke4 Kc5 49. Kf3 Kb4 50. Ke2 Kxa4 51. Kd2 Kb3 52.
Kc1 a5 53. Kb1 a4 0-1

[Event "Michigan Masters/Experts"]
[Site "Grand Rapids, MI"]
[Date "1999.01.10"]
[Round "4.2"]
[White "Fischvogt, Eric"]
[Black "Rajlich, Vasik"]
[Result "0-1"]
[WhiteElo "2260"]
[BlackElo "2293"]
[PlyCount "40"]
[EventDate "1999.01.09"]

1. d4 Nf6 2. Bg5 Ne4 3. Bf4 c5 4. d5 Qb6 5. Nd2 Nxd2 6. Bxd2 Qxb2 7. e4 g6 8.
Rb1 Qe5 9. Bd3 c4 10. Nf3 Qc7 11. Be2 Bg7 12. O-O Na6 13. c3 Rb8 14. Qa4 b5 15.
Rxb5 Nc5 16. Qxc4 Rxb5 17. Qxb5 Ba6 18. Bf4 Bxb5 19. Bxc7 Bxe2 20. Rb1 O-O 0-1

[Event "Michigan Class D/E"]
[Site "Grand Rapids, MI"]
[Date "1999.01.10"]
[Round "4"]
[White "Evans Jr., Thomas"]
[Black "DeFrayne, Don"]
[Result "0-1"]
[WhiteElo "1605"]
[BlackElo "1605"]
[PlyCount "76"]
[EventDate "1999.01.09"]

1. d4 d5 2. c4 dxc4 3. e3 Nd7 4. Bxc4 Nb6 5. Bb3 g6 6. Qf3 e6 7. Nh3 Bg7 8. O-O
Nf6 9. Nc3 O-O 10. Ng5 Nfd5 11. Nxd5 Nxd5 12. e4 Nb4 13. Rd1 h6 14. Nh3 c6 15.
Bd2 Na6 16. e5 Nc7 17. Bb4 Re8 18. Bd6 Nb5 19. d5 exd5 20. e6 Nxd6 21. exf7+
Nxf7 22. Nf4 Ne5 23. Qg3 Bf5 24. Rd2 Bf6 25. Rad1 Bh4 26. Qc3 Qg5 27. Nxd5 cxd5
28. Bxd5+ Be6 29. Bxe6+ Rxe6 30. Qb3 Qg4 31. Qxb7 Rae8 32. Qb3 Nf3+ 33. Kf1
Nxh2+ 34. Kg1 Nf3+ 35. Kf1 Nxd2+ 36. Rxd2 Qf4 37. Qd5 Bxf2 38. Re2 Bg3+ 0-1

[Event "Michigan Beginners"]
[Site "Grand Rapids, MI"]
[Date "1999.01.10"]
[Round "4"]
[White "Evans, Joseph"]
[Black "Feller, Brad"]
[Result "1-0"]
[WhiteElo "1605"]
[BlackElo "1605"]
[PlyCount "85"]
[EventDate "1999.01.09"]

1. e4 e5 2. Nf3 d6 3. Bc4 Bg4 4. h3 Bxf3 5. Qxf3 Nf6 6. O-O c6 7. Qf5 Qd7 8.
Qg5 Qe7 9. d3 b5 10. Bb3 c5 11. Bd5 Nxd5 12. exd5 Qf6 13. Qg3 h5 14. Bg5 Qg6
15. Nc3 f6 16. Bh4 Qxg3 17. Bxg3 b4 18. Nb5 Kd7 19. c3 a6 20. Nxd6 Bxd6 21.
cxb4 cxb4 22. Rac1 g5 23. f3 Rc8 24. Rxc8 Kxc8 25. h4 Nd7 26. hxg5 fxg5 27.
Rc1+ Kb7 28. Rc6 h4 29. Rxd6 hxg3 30. Rxd7+ Kb6 31. Re7 Rc8 32. Kf1 Rc2 33. d6
Rxb2 34. d7 Rb1+ 35. Ke2 Rb2+ 36. Ke3 Rb1 37. d8=Q+ Kb5 38. Rxe5+ Kc6 39. Qd5+
Kc7 40. Qf7+ Kb6 41. Qf6+ Kc7 42. Re7+ Kd8 43. Qf8# 1-0

[Event "Michigan Class A"]
[Site "Grand Rapids, MI"]
[Date "1999.01.10"]
[Round "5"]
[White "Estlick, Laurence"]
[Black "Bailey, Greg"]
[Result "0-1"]
[WhiteElo "1960"]
[BlackElo "1915"]
[PlyCount "52"]
[EventDate "1999.01.09"]

1. d4 Nf6 2. c4 e6 3. Nc3 Bb4 4. Qc2 c5 5. dxc5 Bxc3+ 6. Qxc3 Ne4 7. Qc2 Nxc5
8. b4 Nca6 9. a3 O-O 10. e3 b6 11. Bd3 h6 12. Ne2 Bb7 13. O-O Nc7 14. Bb2 Qg5
15. Ng3 Nc6 16. Ne4 Qe7 17. Qc3 Ne8 18. Rfd1 f5 19. Ng3 Rd8 20. Rd2 Qh4 21. Be2
Ne7 22. Bh5 Nf6 23. Rd4 Be4 24. Nxe4 fxe4 25. Bf3 e5 26. g3 exd4 0-1

[Event "Michigan Beginners"]
[Site "Grand Rapids, MI"]
[Date "1999.01.10"]
[Round "5"]
[White "DeLucas, Ronald"]
[Black "Evans, Joseph"]
[Result "1-0"]
[WhiteElo "1605"]
[BlackElo "1605"]
[PlyCount "97"]
[EventDate "1999.01.09"]

1. d4 d5 2. f3 Nc6 3. c3 e6 4. e4 Qe7 5. e5 Bd7 6. Bd3 f6 7. f4 fxe5 8. fxe5
O-O-O 9. Qf3 Be8 10. Bd2 g6 11. Na3 Bh6 12. O-O-O Bxd2+ 13. Rxd2 Qg5 14. Qf8
Bd7 15. Qc5 Nge7 16. Nb5 b6 17. Nxa7+ Nxa7 18. Ba6+ Kb8 19. Qb4 Rhf8 20. Nf3
Qh6 21. a4 Bc8 22. Bxc8 Nexc8 23. a5 Rde8 24. b3 Nc6 25. Qb5 Nxa5 26. Kb2 Na7
27. Qa6 Qe3 28. Re2 Qf4 29. b4 Nc4+ 30. Kb3 b5 31. Ra1 Re7 32. Qxa7+ Kc8 33.
Qa8+ Kd7 34. Qb7 Ree8 35. Ra7 Rc8 36. Qxb5+ Kd8 37. Qc6 Qc1 38. Ka2 Qxc3 39. b5
Qb4 40. Qb7 Rf7 41. Ka1 Na5 42. Qa6 Nc4 43. Qxe6 Re7 44. Qxd5+ Rd7 45. Qg8+ Ke7
46. Qxc8 Ke6 47. Ng5+ Kd5 48. Qxd7+ Nd6 49. Qc6+ 1-0

[Event "Michigan Masters/Experts"]
[Site "Grand Rapids, MI"]
[Date "1999.01.10"]
[Round "3.1"]
[White "Czuhai, Kevin"]
[Black "Fischvogt, Eric"]
[Result "1-0"]
[WhiteElo "2232"]
[BlackElo "2260"]
[PlyCount "137"]
[EventDate "1999.01.09"]

1. e4 e6 2. Nf3 d5 3. Nc3 Nf6 4. e5 Nfd7 5. d4 c5 6. Bb5 a6 7. Bxd7+ Bxd7 8.
O-O Nc6 9. Re1 Be7 10. Ne2 Rc8 11. c3 b5 12. Be3 cxd4 13. Bxd4 b4 14. Qd3 Nxd4
15. Nfxd4 Qb6 16. a4 O-O 17. Nf4 bxc3 18. bxc3 Qb2 19. Nde2 Qb6 20. Nh5 f5 21.
Reb1 Qc7 22. f4 g6 23. Nhg3 a5 24. Qa6 Ra8 25. Qd3 Rfc8 26. Nf1 Qa7+ 27. Nd4
Rc4 28. Ne3 Rxa4 29. Rxa4 Bxa4 30. Nxe6 Bc2 31. Qxc2 Qxe3+ 32. Kh1 Kf7 33. Nc7
Rc8 34. Nxd5 Qe4 35. Qb3 Kf8 36. h3 Qc4 37. Qb7 Re8 38. Rb6 Qc8 39. Qa7 Qa8 40.
Qxa8 Rxa8 41. Nc7 Rc8 42. Rb7 a4 43. Nd5 Re8 44. Ra7 a3 45. Nxe7 Rxe7 46. Rxa3
Rc7 47. g3 Kf7 48. Kg2 Ke6 49. Kf3 h6 50. Ke3 g5 51. Ra6+ Ke7 52. Kd4 gxf4 53.
gxf4 h5 54. c4 Rd7+ 55. Rd6 Ra7 56. Rh6 h4 57. Rh7+ Ke6 58. Rh6+ Kf7 59. Kd5
Ra3 60. e6+ Kg7 61. Rxh4 Re3 62. c5 Rd3+ 63. Ke5 Kg6 64. Rh8 Re3+ 65. Kd6 Kg7
66. Ra8 Kf6 67. Rf8+ Kg6 68. e7 Rd3+ 69. Kc7 1-0

[Event "Michigan Class D/E"]
[Site "Grand Rapids, MI"]
[Date "1999.01.10"]
[Round "5"]
[White "Crysler, Jerry"]
[Black "Roth, Bruce"]
[Result "0-1"]
[WhiteElo "1605"]
[BlackElo "1605"]
[PlyCount "66"]
[EventDate "1999.01.09"]

1. Nf3 d5 2. c4 e6 3. cxd5 exd5 4. g3 g6 5. Bg2 Bg7 6. O-O Nf6 7. d3 O-O 8. Nc3
Re8 9. Bg5 h6 10. Bd2 b6 11. Rc1 c5 12. Bf4 Bb7 13. Nb5 Bf8 14. Nc7 g5 15. Nxg5
hxg5 16. Bxg5 Qxc7 17. Bxf6 Nd7 18. Bg5 Qe5 19. Qa4 Qe6 20. Qh4 Be7 21. Bh3 Qd6
22. Bf5 Bxg5 23. Qxg5+ Kf8 24. e4 dxe4 25. dxe4 Bxe4 26. Rcd1 Qf6 27. Qxf6 Nxf6
28. Bh3 Bg6 29. Bd7 Nxd7 30. Rxd7 Re2 31. Kg2 Rxb2 32. Re1 Rxa2 33. Ree7 Re8
0-1

[Event "Michigan Class D/E"]
[Site "Grand Rapids, MI"]
[Date "1999.01.10"]
[Round "4"]
[White "Crysler, Jerry"]
[Black "Councell, Keith"]
[Result "0-1"]
[WhiteElo "1605"]
[BlackElo "1605"]
[PlyCount "102"]
[EventDate "1999.01.09"]

1. g3 c6 2. Bg2 d5 3. b3 Bf5 4. Bb2 e6 5. d3 Nf6 6. Na3 Qa5+ 7. c3 Bxa3 8. b4
Qa6 9. Qb3 Bxb2 10. Qxb2 O-O 11. Nf3 Nbd7 12. O-O Qb6 13. h3 c5 14. a3 a5 15.
b5 a4 16. c4 dxc4 17. dxc4 Rfd8 18. Nh4 Be4 19. f3 Bg6 20. e4 e5 21. Rad1 Qe6
22. Nxg6 hxg6 23. Qc2 Nb6 24. Rxd8+ Rxd8 25. Rc1 Rd4 26. Bf1 Ne8 27. Qf2 Nxc4
28. g4 b6 29. Rc3 Ncd6 30. Bd3 Nc7 31. Qf1 Qd7 32. f4 exf4 33. Qxf4 Ndxb5 34.
Bxb5 Nxb5 35. Rf3 f6 36. Qe3 Rd1+ 37. Kf2 Qd2+ 38. Qe2 Qxe2+ 39. Kxe2 Ra1 40.
Rd3 Ra2+ 41. Ke1 Rxa3 42. Rd8+ Kh7 43. Rb8 Rxh3 44. Rxb6 Rb3 45. Rc6 Rc3 46.
Kd2 Kh6 47. Ra6 a3 48. Ra5 Rb3 49. Kc1 Kg5 50. Ra4 Kxg4 51. Kc2 Rb4 0-1

[Event "Michigan Class D/E"]
[Site "Grand Rapids, MI"]
[Date "1999.01.10"]
[Round "5"]
[White "Crist, Kevin"]
[Black "Wilson, Chad"]
[Result "0-1"]
[WhiteElo "1605"]
[BlackElo "1605"]
[PlyCount "111"]
[EventDate "1999.01.09"]

1. d4 c6 2. Nf3 d5 3. c4 e6 4. e3 Nf6 5. Bd2 b6 6. a4 Ba6 7. b3 c5 8. Bc3 Nc6
9. Nbd2 cxd4 10. exd4 Bb4 11. Bb2 Na5 12. Qc2 Rc8 13. Ne5 Nd7 14. Ba3 Bxa3 15.
Rxa3 Nxe5 16. dxe5 Qc7 17. b4 Nxc4 18. Rc3 Qxe5+ 19. Be2 Nd6 20. Rxc8+ Nxc8 21.
b5 Qa1+ 22. Nb1 Bb7 23. O-O O-O 24. Qc7 Qb2 25. Bf3 Qb3 26. Qxb7 Qxa4 27. Qc6
Ne7 28. Qb7 Nc8 29. Qd7 a6 30. Nc3 Qa3 31. Qc7 Qa5 32. Be2 axb5 33. Bxb5 Na7
34. Be2 g6 35. Rb1 Rc8 36. Qxb6 Qxb6 37. Rxb6 Rxc3 38. Rb8+ Rc8 39. Rb7 Nc6 40.
Rb6 Nd4 41. Bf1 Rc1 42. g3 Nf3+ 43. Kg2 Nd2 44. Be2 Ne4 45. Rb2 Nc3 46. Bf1 Na4
47. Rd2 Kg7 48. Bb5 Nc3 49. Bd7 Ne4 50. Rb2 Nc5 51. Bb5 h5 52. f4 f6 53. Kf3 g5
54. fxg5 fxg5 55. Re2 Kf6 56. h4 0-1

[Event "Michigan Class D/E"]
[Site "Grand Rapids, MI"]
[Date "1999.01.10"]
[Round "5"]
[White "Councell, Keith"]
[Black "Mitchell, Dave"]
[Result "1/2-1/2"]
[WhiteElo "1605"]
[BlackElo "1605"]
[PlyCount "79"]
[EventDate "1999.01.09"]

1. e4 d6 2. d4 Nf6 3. Nc3 c6 4. Bg5 Nbd7 5. Nf3 Qa5 6. Bd3 e5 7. Bd2 Qc7 8. Ne2
Be7 9. Ng3 O-O 10. Bg5 h6 11. Be3 Ng4 12. O-O Nxe3 13. fxe3 Nf6 14. h3 Bd7 15.
Nf5 Bxf5 16. exf5 Nd5 17. Qe1 Rae8 18. e4 Qb6 19. exd5 cxd5 20. Qg3 e4 21. Bxe4
dxe4 22. Nh2 Qxd4+ 23. Kh1 Bg5 24. h4 Bd8 25. Ng4 Kh8 26. c3 Qc5 27. Qf4 e3 28.
Nxh6 Qe5 29. Qxe5 Rxe5 30. Ng4 Re4 31. Nh2 Rxh4 32. Rae1 Re8 33. Rf3 Bb6 34.
Re2 d5 35. Rh3 Rxh3 36. gxh3 d4 37. cxd4 Bxd4 38. b3 Kh7 39. Kg2 f6 40. Kf3
1/2-1/2

[Event "Michigan Masters/Experts"]
[Site "Grand Rapids, MI"]
[Date "1999.01.10"]
[Round "4.1"]
[White "Ciaffone, Bob"]
[Black "Czuhai, Kevin"]
[Result "1/2-1/2"]
[WhiteElo "2200"]
[BlackElo "2232"]
[PlyCount "69"]
[EventDate "1999.01.09"]

1. d4 Nf6 2. c4 g6 3. Nc3 d5 4. Bf4 Bg7 5. e3 O-O 6. Rc1 c6 7. Nf3 Bg4 8. h3
Bxf3 9. Qxf3 Qa5 10. Bd3 dxc4 11. Bxc4 Nbd7 12. Qe2 e5 13. dxe5 Ne4 14. O-O
Nxc3 15. Rxc3 Bxe5 16. Rd3 Nb6 17. b4 Qxb4 18. Bxf7+ Rxf7 19. Bxe5 Re8 20. Ba1
h6 21. Rd4 Qa3 22. Qd2 Kh7 23. e4 Qe7 24. f3 c5 25. Rd3 Nc4 26. Qc3 b5 27. Rfd1
Qc7 28. Rd5 Rc8 29. Kh1 Nb6 30. Rd6 b4 31. Qe1 Nc4 32. R6d5 Nb6 33. Rd6 Nc4 34.
R6d5 Nb6 35. Rd6 1/2-1/2